000 00714nam a2200289Ia 4500
005 20260324135320.0
008 008 260324s9999 xx 000 0 eng d
020 _a9780203783382
037 _aEBOOK
040 _aCRL
040 _beng
040 _cCRL
041 _2eng
041 _aeng
084 _qCRL
100 _aRoger D. Lanius; John M. Logsdon; Robert W. Smith
_91200148
245 0 _aReconsidering Sputnik
245 0 _bForty Years Since the Soviet Satellite
260 _bTaylor and Francis
260 _c2000
365 _a
365 _b230
856 _uhttp://www.taylorfrancis.com/books/9780203783382
942 _cEBOOK
999 _c1801073
_d1801073